Hokejová Slovnaft extraliga - 18. kolo: Hudáčkovi sa roztrhla struna

Bibliographic Details
Format: Article
Language:Slovak
Subjects:

MARC

LEADER 00000nab a2200000 ar4500
001 vtls009154402
003 SK-MaSNL
005 20260303064046.0
008 071029c20071024xo mr|p|||||||000 b|slo
015 |a SNKBUCL2007/10  |2 snkbucl 
038 |a SNKBUCL 
040 |a SNKBUCL  |b slo  |c SNKBUCL  |e AACR2 
041 0 |a slo 
044 |a xo  |c SK 
080 |a 796.966.093.1  |2 2001 
245 0 0 |a Hokejová Slovnaft extraliga - 18. kolo: Hudáčkovi sa roztrhla struna 
300 |b Fotogr., tab. 
648 7 |a sezóna 2007/2008  |2 snkbucl  |9 831001 
650 0 7 |a ľadový hokej  |2 snkbucl  |9 3231 
650 0 7 |a extraliga  |2 snkbucl  |9 18992 
650 0 7 |a 18. kolo  |2 snkbucl  |9 872586 
773 0 |t Šport  |g Roč. 61, č. 245 (24.10.2007), s. 12-15  |x 0139-7001 
852 |a SNK  |b KIS3GCP 
999 |c 1745565  |d 1747495